Statistics for Ryan Fitzpatrick's NFL Teams

Click here to take the quiz!

General Stats

  • This quiz has been taken 14 times
  • The average score is 7 of 9

Answer Stats

HintAnswer% Correct
19'-20'Miami Dolphins
100%
15'-16'New York Jets
100%
09'-12'Buffalo Bills
92%
14'Houston Texans
92%
21'Washington Football Team
92%
07'-08'Cincinnati Bengals
69%
05'-06'St. Louis Rams
69%
13'Tennessee Titans
69%
17'-18'Tampa Bay Buccaneers
62%

Score Distribution

Percentile by Number Answered

Percent of People with Each Score

Your Score History

You have not taken this quiz